• 首页
  • 本馆介绍
  • 公告通知
  • 最新文献
  • 馆藏检索
  • 电子资源
  • 读者导购
  • 参考咨询
  • 我的图书馆
  • 登录
  • 详细信息显示
  • 放入我的书架
  • 预约/预借图书
  • 作者相关作品
  • 分类相关作品
  • 丛书相关作品
  • 出版社相关作品

书目信息

  • 表格格式
  • 工作单格式
  • 卡片格式
题名:
英汉制糖工业词汇
    
 
作者: ;华南工学院制糖教研组 编
分册:  
出版信息: 北京   轻工业出版社  1984.3
页数: 108页
开本: 21cm
丛书名:
单 册:
中图分类: TS24-61:H31
科图分类:
主题词: 制糖工业
电子资源:
ISBN:
000 00635nam0 2200193 45
001 0181011354
005 20051228144024.84
010    @b精装@dCNY1.30
091    @a15042.1822
100    @a20810111d km y0chiy0120 ea
101 0  @achi
200 1  @a英汉制糖工业词汇@Aying han zhi tang gong ye ci hui@f华南工学院制糖教研组编@Fhua nan gong xue yuan zhi tang jiao yan zu bian
210    @a北京@c轻工业出版社@d1984.3
215    @a108页@d21cm
606 0  @a制糖工业
690    @aTS24-61:H31
711 0  @a华南工学院制糖教研组@Ahua nan gong xue yuan zhi tang jiao yan zu@4编
801    @aCN@bTSTC@c20051228
905    @dTS24-61:H31@f5@b124327-31
    
    英汉制糖工业词汇/华南工学院制糖教研组编.-北京:轻工业出版社,1984.3
    108页;21cm
    
    
    ISBN (精装):CNY1.30
    
●
相关链接 在E读中查询图书 在五车中查询图书 在当当中查询图书 在豆瓣中查询图书


正题名:英汉制糖工业词汇     索取号:TS24-61:H31         预约/预借

序号 登录号 条形码 馆藏地/架位号 状态 备注
1 0124327   202181511   密集书库/ [索取号:TS24-61:H31] 在馆    
唐山师范学院图书馆 欢迎您!
大连网信软件有限公司© 版权所有